10 biggest countries in the world - Statistics

General Stats
  • This quiz has been taken 68 times
  • The average score is 10 of 10
Answers on the Map
Answers color-coded by a green-red scale on the quiz's map according to % correct below.
 
Answer Stats
Top Ten % Correct
Canada
100%
United States
100%
Brazil
98%
China
98%
India
98%
Russia
98%
Australia
96%
Algeria
90%
Kazakhstan
90%
Argentina
88%
No matching quizzes found
Score Distribution
Percent of People with Each Score
Percentile by Number Answered
Your Score History
You have not taken this quiz